PRINCIPLES OF ACCOUNTS AN ELEMENTARY GOURSE / (Record no. 5216)
[ view plain ]
| 000 -LEADER | |
|---|---|
| fixed length control field | 00560nam a2200217 a 4500 |
| 001 - CONTROL NUMBER | |
| JCCL Control Number | 5216 |
| 003 - CONTROL NUMBER IDENTIFIER | |
| JCCL marc code | BD-JhCC |
| 005 - DATE AND TIME OF LATEST TRANSACTION | |
| control field | 20171210180013.0 |
| 008 - FIXED-LENGTH DATA ELEMENTS--GENERAL INFORMATION | |
| fixed length control field | 171210s1963 e |||| ||a| 000 0 eng d |
| 035 ## - SYSTEM CONTROL NUMBER | |
| system control number | (BD-JhCC) 5216 |
| 040 ## - CATALOGING SOURCE | |
| Original cataloging agency | BD-JhCC |
| Modifying agency | BD-JhCC |
| 041 ## - LANGUAGE CODE | |
| Language code of Book | eng |
| 082 ## - DEWEY DECIMAL CLASSIFICATION NUMBER | |
| Classification number | 657 |
| Author mark and Year | HEM 1963 |
| 100 ## - MAIN ENTRY--PERSONAL NAME | |
| Personal name | HEMSTOCK, H.F. |
| 245 ## - TITLE STATEMENT | |
| Title | PRINCIPLES OF ACCOUNTS AN ELEMENTARY GOURSE / |
| Statement of responsibility, etc | H.F.HEMSTOCK |
| 260 ## - PUBLICATION, DISTRIBUTION, ETC. (IMPRINT) | |
| Place of publication, distribution, etc | London : |
| Name of publisher, distributor, etc | HEORGE G.Harrap Co. LTD , |
| Date of publication, distribution, etc | 1963 |
| 300 ## - PHYSICAL DESCRIPTION | |
| Pagination | 247 p .: |
| Dimensions | 22 cm . |
| 650 ## - SUBJECT ADDED ENTRY--TOPICAL TERM | |
| Topical term or geographic name as entry element | Accounting |
| 942 ## - ADDED ENTRY ELEMENTS (KOHA) | |
| Source of classification or shelving scheme | Dewey Decimal Classification |
| Koha item type | Books |
| Source of classification or shelving scheme | Damaged status | Not for loan | Home library | Current library | Shelving location | Date of accession | Total Checkouts | Full call number | Barcode | Date last seen | Copy number | Koha item type |
|---|---|---|---|---|---|---|---|---|---|---|---|---|
| Dewey Decimal Classification | JCC Rouf Library | JCC Rouf Library | General Stacks | 12/10/2017 | 657 HEM 1963 | 7061 | 12/10/2017 | C-1 | Books |